00574cam a22001337a 4500008004000000082002600040100002500066245010700091260005100198300001100249440006000260650008700320650003300407180718b1996 xxu||||| |||| 00| 0 eng d aA81x54 91/23/PT12 B/C aCensus of India 1991 aTamil Nadu district census handbook, Chengalpattu-M.G.R.: village and townwise primary census abstract aMadrasbDirectorate of Census Operationsc1996 a981+p. aCensus of India 1991. Series-23, Tamil Nadu. Part Xii-B aCities and towns - Directories - Census - India - Tamil Nadu - Chengalpattu-M.G.R. aChengalpattu-M.G.R. - Census